South Eastern Kenya University

Library Online Public Access Catalogue


Know about business Entrepreneurship Education in Vocational and Technical Training (Record no. 3363)

MARC details
000 -LEADER
fixed length control field 00408nam a22001457a 4500
020 ## - INTERNATIONAL STANDARD BOOK NUMBER
International Standard Book Number 9290493429
050 ## - LIBRARY OF CONGRESS CALL NUMBER
Classification number HB 615
Item number .M28 2002
100 ## - MAIN ENTRY--PERSONAL NAME
Personal name Manu George
245 ## - TITLE STATEMENT
Title Know about business Entrepreneurship Education in Vocational
Remainder of title and Technical Training
260 ## - PUBLICATION, DISTRIBUTION, ETC. (IMPRINT)
Place of publication, distribution, etc. Italy:
Name of publisher, distributor, etc. International Training Centre (ILO),
Date of publication, distribution, etc. 2002.
300 ## - PHYSICAL DESCRIPTION
Extent 43p.
650 ## - SUBJECT ADDED ENTRY--TOPICAL TERM
General subdivision business
700 ## - ADDED ENTRY--PERSONAL NAME
Personal name Nelson,Robert
942 ## - ADDED ENTRY ELEMENTS (KOHA)
Koha item type General circulation
Holdings
Withdrawn status Lost status Source of classification or shelving scheme Damaged status Not for loan Home library Current library Shelving location Date acquired Total Checkouts Full call number Barcode Date last seen Price effective from Koha item type
    Library of Congress Classification     Main Campus Library Main Campus Library General Stacks 14/05/2019   HB 615 .M3 000123 14/05/2019 14/05/2019 General circulation
    Library of Congress Classification     Wote Campus Library Wote Campus Library General Stacks 09/05/2025   HB 615 .M28 2002 2024/027532 09/05/2025 09/05/2025 General circulation
Kitui, Kenya.
+254736116989
library@seku.ac.ke